000 01164nam a2200493Ia 4500
001 11961
003 23437
005 20240715172609.0
008 ||||||n9999 ||| || ||
041 _aeng
082 _219
_a942
100 _aHill, Christopher
_99363
245 0 _aPuritanism and revolution
_bstudies in interpretation of the English Revolution of the 17th century
260 _aReino Unido :
_bHeinemann group of publishers,
_c1962.
300 _a402p
490 _aMercury books
_v35
562 _e1
650 _aCONFLICTOS RELIGIOSOS
_919658
650 _aINGLATERRA
_919911
650 _aMOVIMIENTOS RELIGIOSOS
_919912
650 _aREVOLUCIONES POLÍTICAS
_95962
942 _cBKM
942 _cBKM
999 _c11961
_d11961
526 _a
526 _a17598
526 _a102617
526 _a102618
526 _a15794
526 _a102619
526 _a1703
526 _a102620
526 _a10406
526 _a105630
526 _a1698
526 _a116204
526 _a51868
526 _a4969
526 _a19790
526 _a104436
526 _a5144
526 _a1697
526 _a3899
526 _a9683